000 00716nam a2200205Ii 4500
003 JO-AjNU
008 230605s9999||||xx |||||||||||||| ||und||
017 _a1978/4896
040 _aJO-AjNU
_bara
_erda
_cJO-AjNU
041 _aara
050 1 4 _aHV43 .M85 1978
100 3 _aنور، محمد عبدالمنعم,
_eauthor
_913516
245 0 0 _aالخدمة الاجتماعية الطبية والتأهيل
264 3 1 _aالقاهرة: دار المعرفة، 1978
300 _a315ص
_bيحتوي على ببلوغرافية من 307-315ص
336 _atext
_btxt
_2rdacontent
337 _aunmediated
_bn
_2rdamedia
338 _avolume
_bnc
_2rdacarrier
650 4 _a الخدمة الاجتماعية
_913517
999 _aA3386
_c6954
_d6954